MAASAI MARA UNIVERSITY

LIBRARY CATALOGUE

Contact Us: +254 020 2685356/7 or 0774 057787

Box: 861-20500, NAROK, KENYA

Email: info@mmarau.ac.ke

Handbook of small animal practice / (Record no. 22241)

MARC details
000 -LEADER
fixed length control field 00966nam a22002777a 4500
003 - CONTROL NUMBER IDENTIFIER
control field OSt
005 - DATE AND TIME OF LATEST TRANSACTION
control field 20211025034309.0
008 - FIXED-LENGTH DATA ELEMENTS--GENERAL INFORMATION
fixed length control field 170208b xxu||||| |||| 00| 0 eng d
020 ## - INTERNATIONAL STANDARD BOOK NUMBER
International Standard Book Number 0721692826
040 ## - CATALOGING SOURCE
Original cataloging agency MMU
Transcribing agency MMU
Modifying agency MMU
Language of cataloging eng
050 00 - LIBRARY OF CONGRESS CALL NUMBER
Classification number SF991
Item number .H228 2003
245 00 - TITLE STATEMENT
Title Handbook of small animal practice /
Statement of responsibility, etc. [edited by] Rhea V. Morgan, Ronald M. Bright, Margaret S. Swartout.
250 ## - EDITION STATEMENT
Edition statement 4th ed.
260 ## - PUBLICATION, DISTRIBUTION, ETC. (IMPRINT)
Place of publication, distribution, etc. Philadelphia :
Name of publisher, distributor, etc. Saunders,
Date of publication, distribution, etc. c2003.
300 ## - PHYSICAL DESCRIPTION
Extent xxvii, 1355 p. :
Other physical details ill. ;
Dimensions 29 cm.
500 ## - GENERAL NOTE
General note Includes bibliographical references.
650 #0 - SUBJECT ADDED ENTRY--TOPICAL TERM
Topical term or geographic name as entry element Dogs
General subdivision Diseases
Form subdivision Outlines, syllabi, etc.
650 #0 - SUBJECT ADDED ENTRY--TOPICAL TERM
Topical term or geographic name as entry element Cats
General subdivision Diseases
Form subdivision Outlines, syllabi, etc.
650 #0 - SUBJECT ADDED ENTRY--TOPICAL TERM
Topical term or geographic name as entry element Dogs
General subdivision Physiology
Form subdivision Outlines, syllabi, etc.
650 #0 - SUBJECT ADDED ENTRY--TOPICAL TERM
Topical term or geographic name as entry element Cats
General subdivision Physiology
Form subdivision Outlines, syllabi, etc.
650 #0 - SUBJECT ADDED ENTRY--TOPICAL TERM
Topical term or geographic name as entry element Pet medicine
Form subdivision Outlines, syllabi, etc.
700 1# - ADDED ENTRY--PERSONAL NAME
Personal name Morgan, Rhea Volk.
700 1# - ADDED ENTRY--PERSONAL NAME
Personal name Bright, Ronald M.
700 1# - ADDED ENTRY--PERSONAL NAME
Personal name Swartout, Margaret S.
942 ## - ADDED ENTRY ELEMENTS (KOHA)
Source of classification or shelving scheme Library of Congress Classification
Koha item type L
Holdings
Withdrawn status Lost status Source of classification or shelving scheme Damaged status Not for loan Home library Current library Date acquired Source of acquisition Total Checkouts Full call number Barcode Date last seen Price effective from Koha item type
    Library of Congress Classification     Maasai Mara University Library -Main Campus Maasai Mara University Library -Main Campus 02/08/2017 Donation-T4C   SF991.H228 2003 17022246 02/08/2017 02/08/2017 L
© 2016 Maasai Mara University.